Представление документа в формате RUSMARC

ПолеНазваниеЗначение
  Тип записи i
  Библиографический уровень m
001 Контрольный номер IZD\1С\2007\4601546047960
005 Дата корректировки 20201206204913.9
010 Индекс ISBN __
a ISBN 978-5-9677-0833-6
d Цена 231-75
100 Данные общей обработки __
a Данные общей обработки 19090922d2008 |||y0rusy0189 ca
101 Язык документа 1_
a Язык текста ger
a Язык текста rus
102 Страна публикации __
a Страна публикации RU
105 Кодированные данные (монография) __
a Кодированные данные (монография) zy
200 Заглавие и сведения об ответственности 1_
a Заглавие Der Ehrentag
e Сведения, относящиеся к заглавию [рассказы на нем. яз.]
f Первые сведения об ответственности Arthur Schnitzler. Die unsichtbare Sammlung / Stefan Zweig ; [исполн.: Хеленa Вальтер-Куркджян, Михаель Гольштейн]
b Общее обозначение материала Звукозапись
200 Заглавие и сведения об ответственности __
d Параллельное заглавие Незримая коллекция
200 Заглавие и сведения об ответственности __
d Параллельное заглавие Бенефис
210 Выходные данные __
a Место издания Москва
c Издательство 1С-Паблишинг
d Дата издания 2008
215 Физическое описание __
a Объем 1 электрон. опт. диск (Audio-CD) (01 ч. 17 мин.)
c Иллюстрации/тип воспроизводства MP3, Stereo
d Формат 12
225 Серия __
a Серия Klassische Mosaik
v Обозначение тома Teil 1
225 Серия __
a Серия Аудиокниги
300 Общие примечания __
a Общие примечания Загл. с контейнера
300 Общие примечания __
a Общие примечания MPEG-I Layer-3 (MP3), 256 Kbps, 16 bit, 44.1 kHz ; Windows ; Pentium 100 ; RAM 16 Mb ; SVGA 800x600 ; CD-ROM ; звуковая карта ; колонки или наушники
323 Примечание о главных создателях, исполнителях, участниках __
a Примечание о главных создателях, исполнителях, участниках Вальтер-Куркджян, Х. (читает)
323 Примечание о главных создателях, исполнителях, участниках __
a Примечание о главных создателях, исполнителях, участниках Гольштейн, М. (читает)
327 Примечание о содержании __
a Примечание о содержании Die unsichtbare Sammlung / Stefan Zweig
327 Примечание о содержании __
a Примечание о содержании Der Enrentag / Arthur Schnitzler
327 Примечание о содержании __
a Примечание о содержании Незримая коллекция (Случай из времен инфляции в Германии) / Цвейг, С.
327 Примечание о содержании __
a Примечание о содержании Бенефис / Шницлер, А.
330 Аннотация __
a Аннотация Новая серия Klassische Mosaik - это лучшие рассказы всемирно известных писателей в великолепном исполнении носителей языка. В первый выпуск серии вошла новелла классика немецкой литературы Стефана Цвейга и рассказ выдающегося представителя венского модерна Артура Шницлера. Рассказы предназначены для изучающих немецкий язык, адаптированы для слушателей, владеющих языком на уровне Mittelstufe I. Диск содержит также текстовые версии рассказов и их переводы на русский язык.
333 Примечание о целевом назначении __
a Примечание о целевом назначении 12+. Для детей старше 12 лет
517 Другие варианты заглавия __
a Другие варианты заглавия Die unsichtbare Sammlung
517 Другие варианты заглавия __
a Другие варианты заглавия Der Ehrentag
606 Тематические рубрики __
a Основная рубрика Художественная литература
606 Тематические рубрики __
a Основная рубрика Литература Европы (произведения)
610 Ключевые слова __
a Ключевые слова английская литература; австрийская литература; рассказы; классика; тема искусства; тема взаимоотношений; немецкий язык
686 Индексы других классификаций __
a Классификационный индекс 84(4Вел)6-4я04
686 Индексы других классификаций __
a Классификационный индекс 84(4Авс)52-4я04
700 Автор _1
a Фамилия Schnitzler
b Имя A.
f Даты 1862-1931
g Полное личное имя Arthur
4 Код отношения 070
701 Альтернативная интеллектуальная ответственность __
a Фамилия Zweig
b Имя S.
4 Код отношения 070
790 Имя лица - альтернативная форма __
a Имя лица - альтернативная форма Цвейг, С.
790 Имя лица - альтернативная форма __
a Имя лица - альтернативная форма Шницлер, А.
801 Источник записи _0
a Страна RU
b Организация Муниципальное бюджетное учреждение культуры "Централизованная библиотечная система" г. Сургут (Центральная городская библиотека им. А. С. Пушкина)
c Дата составления 20090922
g Правила каталогизации КиК/Котельникова
801 Источник записи _1
a Страна RU
b Организация Муниципальное бюджетное учреждение культуры "Централизованная библиотечная система" г. Сургут (Центральная городская библиотека им. А. С. Пушкина)
c Дата составления 20090922
g Правила каталогизации КиК/Котельникова
852 Данные о местонахождении __
j Шифр хранения 84(4Вел)6-4я04
i Авторский знак S 35
901 Тип документа __
t Тип документа 0
903 Характеристики (МАРС) __
a Дата передачи 20140314
969 Тип издания __
a Тип издания издание для слепых; аудиокнига
990 Данные о заказе (DOS) __
j Количество экземпляров (DOS) 1
t N записи в КСУ для И/У (DOS) 201403